English Grammar in Theory and Practice /
Gespeichert in:
| Weitere Verfasser: | |
|---|---|
| Format: | Buch |
| Sprache: | Englisch |
| Veröffentlicht: |
Bratislava :
Comenius University in Bratislava,
2020
|
| Ausgabe: | 1. vydanie |
| Schlagworte: | |
| Tags: |
Keine Tags, Fügen Sie das erste Tag hinzu!
|
MARC
| LEADER | 00000nam a22000003a 4500 | ||
|---|---|---|---|
| 001 | 0089174 | ||
| 003 | SK-STU | ||
| 005 | 20210629130745.6 | ||
| 007 | ta | ||
| 008 | 210629s ----xo-----e------000-0-----d | ||
| 020 | |a 978-80-223-4906-2 | ||
| 040 | |a STU |b slo | ||
| 041 | 0 | |a eng | |
| 044 | |a xo | ||
| 100 | 1 | |a Lančarič, Daniel |4 edt | |
| 245 | 1 | 0 | |a English Grammar in Theory and Practice / |c ed. Daniel Lančarič |
| 250 | |a 1. vydanie | ||
| 260 | |a Bratislava : |b Comenius University in Bratislava, |c 2020 | ||
| 300 | |a 292 s. | ||
| 650 | 0 | 7 | |a English language |
| 650 | 0 | 7 | |a anglický jazyk |
| 650 | 0 | 7 | |a gramatika |
| 650 | 0 | 7 | |a jazyková príručka |
| 650 | 0 | 7 | |a príklady |
| 996 | |b 284AU08670 |c A* 11934/U |l AAKNST |s P |a 0 |w 0089174_0001 | ||
| 996 | |b 284AU08671 |c A* 11935/U |l AAKNAR |s A |a 24 |w 0089174_0002 | ||
| 996 | |b 284AU08672 |c A* 11936/U |l AAKNAR |s A |a 24 |w 0089174_0003 | ||
| 996 | |b 284AU08673 |c A* 11937/U |l AAKNAR |s A |a 24 |w 0089174_0004 | ||
| 996 | |b 284AU08674 |c A* 11938/U |l AAKNAR |s A |a 24 |w 0089174_0005 | ||